LEADER 01433nam--2200409---450 001 990006149320203316 005 20180125113436.0 010 $a978-88-916-1374-5 035 $a000614932 035 $aUSA01000614932 035 $a(ALEPH)000614932USA01 035 $a000614932 100 $a20140310d2015----km-y0itay50------ba 101 $aita 102 $aIT 105 $a||||||||001yy 200 1 $a<> sicurezza alimentare$eprofili normativi e giurisprudenziali tra diritto interno, internazionale ed europeo$fa cura di Carlo Bottari$gpresentazione di Stefano Cinotti$gcontributi di Enrico Al Mureden ... [et al.] 210 $aSantarcangelo di Romagna$cMaggioli$d2015 215 $a334 p.$d24 cm 225 2 $aQuaderni di sanità pubblica$v9 410 0$12001$aQuaderni di sanità pubblica$v, 9 606 0 $aAlimenti$xControllo$xDiritto comparato$2BNCF 676 $a344.04232 700 1$aBOTTARI,$bCarlo$0527852 702 1$aCINOTTI,$bStefano 702 1$aAL MUREDEN,$bEnrico 801 0$aIT$bsalbc$gISBD 912 $a990006149320203316 951 $aXXIX.2.D. 80$b83701 G.$cXXIX.2.D.$d389590 951 $aXXIX.2.D. 80a$b86468 G.$cXXIX.2.D.$d407087 959 $aBK 969 $aGIU 979 $aFIORELLA$b90$c20160531$lUSA01$h1327 979 $aFIORELLA$b90$c20160531$lUSA01$h1335 979 $aFIORELLA$b90$c20160531$lUSA01$h1336 996 $aSicurezza alimentare$91387170 997 $aUNISA LEADER 02401nam 2200601Ia 450 001 996387892403316 005 20210104171841.0 035 $a(CKB)4940000000084070 035 $a(EEBO)2240888729 035 $a(OCoLC)ocn226372772e 035 $a(OCoLC)226372772 035 $a(EXLCZ)994940000000084070 100 $a20080429d1571 uy 0 101 0 $alat 135 $aurbn||||a|bb| 200 10$a[Hyppokratous Peri aio?nos tou anthro?pou ek tou peri sarko?n: peri heptamenou, kai peri oktamenou]. =$eHippocratis De hominis aetate, ex extremo fine libri De carnibus: De septimestri: item & de octimestri partu. Accessere problemata aliquot ab hac tractatione non ita aliena /$fIoanne Lalamantio, apud Heduos Burgundiae medico, interprete & enarratore 210 $a[Geneva] $cApud Crispinum.$dM.D. LXXI. [1571] 215 $a[1]+ p. $cill 300 $aFirst part of title in Greek characters, transliterated. 300 $aFragment; consists of t.p. only 300 $aPrinter's device on t.p. 300 $aReproduction of original in: British Library. 330 $aeebo-0018 606 $aAge$vEarly works to 1800 606 $aGestational age$vEarly works to 1800 606 $aPregnancy$xDuration$vEarly works to 1800 606 $aLabor, Premature$vEarly works to 1800 606 $aObstetrics$vEarly works to 1800 606 $aMedicine$vEarly works to 1800 606 $aPrinters' marks$zSwitzerland$vSpecimens$vEarly works to 1800 608 $aPrinters' marks$zSwitzerland$y16th century. 608 $aTitle pages$zSwitzerland$y16th century. 615 0$aAge 615 0$aGestational age 615 0$aPregnancy$xDuration 615 0$aLabor, Premature 615 0$aObstetrics 615 0$aMedicine 615 0$aPrinters' marks 700 $aHippocrates$0157241 701 $aCalvi$b Marco Fabio$fd. 1527.$0717877 701 $aCornarius$b Janus$f1500-1558.$0918952 701 $aFelicianus$b Joannes Bernardus$fca. 1490-ca. 1552.$01021454 701 $aLalamant$b Jean$ffl. 1549-1578.$01021455 701 2$aGalen$0739718 701 2$aHippocrates$0157241 701 2$aHippocrates$0157241 801 0$bUMI 801 1$bUMI 906 $aBOOK 912 $a996387892403316 996 $aHyppokratous Peri aio?nos tou anthro?pou ek tou peri sarko?n: peri heptamenou, kai peri oktamenou.$92422309 997 $aUNISA LEADER 02110oam 2200577M 450 001 9910716390803321 005 20200213070541.4 035 $a(CKB)5470000002520223 035 $a(OCoLC)1065858857 035 $a(OCoLC)995470000002520223 035 $a(EXLCZ)995470000002520223 100 $a20071213d1926 ua 0 101 0 $aeng 135 $aurcn||||||||| 181 $ctxt$2rdacontent 182 $cc$2rdamedia 183 $acr$2rdacarrier 200 10$aElla H. Smith. March 3 (calendar day, March 4), 1926. -- Ordered to be printed 210 1$a[Washington, D.C.] :$c[U.S. Government Printing Office],$d1926. 215 $a1 online resource (13 pages) $ctables 225 1 $aSenate report / 69th Congress, 1st session. Senate ;$vno. 258 225 1 $a[United States congressional serial set ] ;$v[serial no. 8527] 300 $aBatch processed record: Metadata reviewed, not verified. Some fields updated by batch processes. 300 $aFDLP item number not assigned. 517 $aElla H. Smith. March 3 606 $aBurglary 606 $aClaims 606 $aCollecting of accounts 606 $aLegislative amendments 606 $aPostal service$xLaw and legislation$zUnited States$xCriminal provisions 606 $aPost office buildings 606 $aPostal service$xEquipment and supplies 606 $aPostal service$xEmployees 608 $aLegislative materials.$2lcgft 615 0$aBurglary. 615 0$aClaims. 615 0$aCollecting of accounts. 615 0$aLegislative amendments. 615 0$aPostal service$xLaw and legislation$xCriminal provisions. 615 0$aPost office buildings. 615 0$aPostal service$xEquipment and supplies. 615 0$aPostal service$xEmployees. 701 $aStephens$b Hubert D$g(Hubert Durrett),$f1875-1946$pDemocrat (MS)$01386192 801 0$bWYU 801 1$bWYU 801 2$bOCLCO 801 2$bOCLCQ 906 $aBOOK 912 $a9910716390803321 996 $aElla H. Smith. March 3 (calendar day, March 4), 1926. -- Ordered to be printed$93484112 997 $aUNINA